Estrategias innovadoras para la enseñanza de una segunda lengua
Guardat en:
| Format: | Llibre |
|---|---|
| Idioma: | Spanish |
| Publicat: |
Bogotá (Colombia):
Editorial Santillana,
2007
|
| Matèries: | |
| Accés en línia: | Enlace del recurso |
| Etiquetes: |
Afegir etiqueta
Sense etiquetes, Sigues el primer a etiquetar aquest registre!
|
MARC
| LEADER | 00000nam a22000007a 4500 | ||
|---|---|---|---|
| 003 | OSt | ||
| 005 | 20170801160946.0 | ||
| 008 | 170801b2007 ck ||||| |||| 00| 0 spa d | ||
| 020 | |a 9789582411329 | ||
| 040 | |c CNA-IDEP | ||
| 082 | |a 407 |b E777 | ||
| 130 | |a Estrategias innovadoras para la enseñanza de una segunda lengua |9 3028 | ||
| 245 | 1 | 0 | |a Estrategias innovadoras para la enseñanza de una segunda lengua |
| 260 | |a Bogotá (Colombia): |b Editorial Santillana, |c 2007 | ||
| 300 | |a 175 p. |b Tablas, Fotografías | ||
| 586 | |a XII Premio Santillana de Experiencias Educativas | ||
| 650 | |a Bilingüismo |x Premio |z Colombia |9 3029 | ||
| 650 | |a Fundación Santillana para Iberoaméica |x premio |9 3032 | ||
| 650 | |a Bilingüismo |x Enseñanza |9 3030 | ||
| 942 | |2 ddc |c BK | ||
| 999 | |c 5238 |d 5238 | ||
| 856 | |u https://catalogo.idep.edu.co/cgi-bin/koha/opac-detail.pl?biblionumber=5238 |z Enlace del recurso | ||